Statistiken für Bundesliga-Spieler mit der höchsten Laufleistung Saison 2022/23

Klicken Sie hier um das Quiz zu spielen!

Allgemein

  • Dieses Quiz wurde 59 mal gespielt
  • Das Durchschnittsergebnis liegt bei 8 aus 16

Antwortstatistiken

Laufleistung in KilometerSpielerVerein% Korrekt
358,7Joshua KommichFC Bayern München
98%
393,6Ellyes Skhiri1. FC Köln
69%
355,1Maximilian ArnoldVfL Wolfsburg
69%
356,0Wataru EndoVfB Stuttgart
67%
352,7Nicolas HöflerSC Freiburg
58%
345,4Jonas HofmannBorussia Mönchengladbach
56%
365,9Mario GötzeEintracht Frankfurt
56%
357,0Rani Khedira1. FC Union Berlin
56%
350,7Djibril SowEintracht Frankfurt
53%
333,7Jonas Hector1. FC Köln
47%
344,8Anthony LosillaVfL Bochum
45%
388,3Lucas TousartHertha BSC
45%
344,3Matthias GinterSC Freiburg
45%
357,8Waldemar AntonVfB Stuttgart
29%
333,7Robin Knoche1. FC Union Berlin
27%
334,0Micky van den VenVfL Wolfsburg
20%

Verteilung der Resultate

Perzentil nach korrekt beantworteten Fragen

Anzahl Personen mit jedem Resultat

Ihre Resultats-Entwicklung

Sie haben dieses Quiz noch nicht gespielt